Development administration / (Record no. 68843)

MARC details
000 -LEADER
fixed length control field 00769nam a22002297a 4500
005 - DATE AND TIME OF LATEST TRANSACTION
control field 2012080301491.0
008 - FIXED-LENGTH DATA ELEMENTS--GENERAL INFORMATION
fixed length control field 120803t xxu||||| |||| 00| 0 eng d
010 ## - LCCN (DPL NO)
LC control number ENG-105485
020 ## - INTERNATIONAL STANDARD BOOK NUMBER
International Standard Book Number 9788120345829
Terms of availability 250.00
035 ## - SYSTEM CONTROL NUMBER
System control number EN-89018
037 ## - SOURCE OF ACQUISITION
Source of stock number/acquisition DBAD/PUB
040 ## - CATALOGING SOURCE
Original cataloging agency DPL
Language of cataloging Eng
082 ## - DEWEY DECIMAL CLASSIFICATION NUMBER
Classification number 351
100 ## - MAIN ENTRY--PERSONAL NAME
9 (RLIN) 50692
Personal name Palekar, S.A.
245 ## - TITLE STATEMENT
Title Development administration /
Statement of responsibility, etc by S.A. Palekar
260 ## - PUBLICATION, DISTRIBUTION, ETC. (IMPRINT)
Place of publication, distribution, etc New Delhi
Name of publisher, distributor, etc PHI Learning
Date of publication, distribution, etc 2012
270 ## - ADDRESS
Address M-97, Connaught Circus
City New Delhi
Postal code 110001
300 ## - PHYSICAL DESCRIPTION
Extent xi,204p.
Dimensions 23cm(pbk)
500 ## - GENERAL NOTE
General note Includes bibliographical references and index
942 ## - ADDED ENTRY ELEMENTS (KOHA)
Source of classification or shelving scheme Dewey Decimal Classification
Item type English Books
Classification part 351
Call number suffix PAL
Holdings
Withdrawn status Lost status Source of classification or shelving scheme Damaged status Not for loan Collection code Home library Current library Date acquired Source of acquisition Cost, normal purchase price Total Checkouts Full call number Barcode Date last seen Copy number Cost, replacement price Koha item type
    Dewey Decimal Classification   Not For Loan Non-fiction D.B.Act.Division D.B.Act.Division 03/08/2012 DBAD/PUB 250.00   351 PAL EN-89018 03/08/2012 1 250.00 English Books

© Delhi Public Library
Hit Counter
free hit counter